Results

Below are the most and least guessed answers to the given questions, as well as how your score stacks up against everyone else who took this quiz.
Play Again

The Capitals of the World Quiz has been played 586,028 times (16 today)
Capital % Correct
Washington, D.C.
94.7%
London
93.2%
Paris
92.9%
Mexico City
92.1%
Madrid
90.6%
Moscow
90.5%
Berlin
89.8%
Tokyo
89.8%
Rome
89.1%
Dublin
88.7%
Beijing
88%
Oslo
87.5%
Cairo
86.8%
Lisbon
86%
Ottawa
85.6%
Brasilia
84.7%
Athens
84.4%
Canberra
83.9%
Helsinki
83.7%
Stockholm
83.3%
Buenos Aires
83.1%
New Delhi
82.5%
Amsterdam
82.2%
Brussels
82.2%
Copenhagen
81.9%
Seoul
81.2%
Vienna
81.1%
Lima
80.5%
Warsaw
79.1%
Baghdad
79.1%
Havana
79%
Vatican City
78.7%
Prague
78.1%
Luxembourg
77.8%
Santiago
77.7%
Jerusalem
77.4%
Bern
77.2%
Budapest
77.2%
Wellington
77.1%
Kabul
76.7%
Monaco
75.9%
Panama City
75.7%
Kingston
75.2%
Ankara
74.9%
Bangkok
74.7%
Tehran
74.5%
Kiev
74.5%
Reykjavik
73.8%
Singapore
73.7%
Algiers
72.7%
Bogotá
72.4%
Jakarta
72.4%
San Marino
71.4%
Tunis
71%
Islamabad
71%
San Salvador
70.5%
Bucharest
70.5%
Sofia
70.4%
Manila
70.2%
Montevideo
70%
La Paz
70%
Caracas
70%
Minsk
69.7%
Quito
69.5%
Nairobi
69%
Pyongyang
69%
Capital % Correct
Riga
68.3%
Port-au-Prince
68.3%
Pretoria
68.2%
Hanoi
67.5%
Kuwait City
67.1%
Guatemala City
67.1%
Tripoli
66.1%
Sarajevo
65.9%
Taipei
65.7%
Zagreb
65.4%
Tallinn
64.7%
Kuala Lumpur
64.5%
Beirut
64.4%
Djibouti
64.2%
Damascus
64.2%
Abu Dhabi
63.8%
Andorra la Vella
63.7%
Belgrade
63.4%
Riyadh
63.4%
Rabat
62.7%
Bratislava
62.5%
Kathmandu
62.2%
San Jose
61.9%
Nassau
61.9%
Georgetown
61.4%
Tirane
61.1%
Addis Ababa
61.1%
Ulaanbaatar
60.8%
Vilnius
60.6%
Nicosia
60.3%
Asunción
60.2%
Dhaka
60.1%
Freetown
59.7%
Amman
59.3%
Vaduz
58.3%
Santo Domingo
57.9%
Dakar
57.7%
Sri Jayawardenapura-Kotte
57.2%
São Tomé
57%
Valletta
56.9%
Mogadishu
56.8%
Baku
56.5%
Phnom Penh
56%
Kingstown
55.2%
Bissau
55.1%
Port of Spain
54.9%
Managua
54.8%
Male
54.8%
Khartoum
54.7%
Ljubljana
54.6%
Tbilisi
54.5%
Accra
54.4%
Skopje
54.4%
Sana'a
53.9%
St. John's
53.6%
Muscat
53.4%
Doha
53.3%
Harare
53.2%
Pristina
52.8%
Astana
52.7%
Bridgetown
52.5%
Belmopan
52.4%
Kinshasa
52.3%
Victoria
51.7%
Juba
51.6%
Tegucigalpa
51.2%
Capital % Correct
Luanda
50.8%
Yerevan
50.7%
Chisinau
49.9%
St. George's
49.7%
Port Moresby
49.7%
Brazzaville
49.6%
Monrovia
49.1%
Tashkent
48.9%
Windhoek
48.7%
Paramaribo
48.2%
Manama
48.1%
Dili
48%
Antananarivo
47.2%
Vientiane
47%
Suva
46.9%
Podgorica
46.7%
Libreville
46.5%
Dodoma
46%
Bishkek
45.6%
Abuja
45.4%
Kigali
45.2%
Kampala
45.1%
Ouagadougou
44.5%
Porto Novo
44.4%
Port Louis
44.3%
Roseau
44%
Lomé
44%
Ramallah
44%
Thimphu
43.8%
Gaborone
42.8%
Asmara
42.7%
Lusaka
42.5%
Maputo
42.3%
Praia
41.2%
Conakry
40.9%
Yaounde
40.8%
Castries
40.8%
Bandar Seri Begawan
40.7%
Ashgabat
40.7%
Basseterre
40.4%
Apia
40.1%
N'Djamena
40.1%
Dushanbe
39.9%
Lilongwe
39.8%
Bamako
39.6%
Niamey
39.1%
Moroni
39%
Mbabane
38.7%
Bangui
38.5%
Port Vila
38.3%
Banjul
38.1%
Bujumbura
37.9%
Maseru
36.7%
Yamoussoukro
36.1%
Malabo
36%
Funafuti
35.9%
Nouakchott
34.9%
Yaren
34.8%
Naypyidaw
34.5%
Honiara
33.2%
Nukuʻalofa
32.7%
Tarawa
32.6%
Palikir
32.2%
Majuro
32.1%
Melekeok
32.1%
 
Number % Answered
197 (all)
2%
188-196
23.9%
179-187
4.6%
170-178
3.7%
161-169
3.3%
152-160
3.2%
143-151
3.2%
134-142
3.1%
125-133
3.1%
116-124
3.1%
107-115
3.2%
98-106
3.4%
89-97
3.1%
80-88
3.4%
71-79
3.5%
62-70
3.6%
53-61
3.7%
44-52
3.9%
35-43
3.8%
26-34
3.9%
17-25
3.8%
8-16
4%
1-7
3.6%

You might also like these games:
Capitals of South AmericaCapitals of OceaniaAlliterative World Capitals
There are 372 comments for this game.
(Warning: comments may contain spoilers)

Capitals of the World Quiz

  1. by Matt
  • Created Nov 10, 2008 in Geography
  • Featured Nov 10, 2008
  • Game Plays 586,028

Remember, Sporcle is now...

Friend Scores and Standings

Loading friend results....